000 00410nam a22001697a 4500
003 MACL
005 20160105135841.0
008 160105b xxu||||| |||| 00| 0 eng d
040 _cMACL
041 _aEnglish
082 _a821.48/SAR
100 _aBayley,Harold
_928049
245 _aThe Tragedy of Sir Francis Bacon
260 _aLondon
_bGrant Richards
_c1902
650 _aDrama
_928050
942 _2ddc
_cBK
999 _c52048
_d52048